000 00855nam a2200289Ia 4500
005 20250425162138.0
008 250425s9999 xx 000 0 und d
020 _a8420006068
041 _aspa
082 _a664.02853
100 _aCOX, PAT M.
245 0 _aULTRACONGELACION DE ALIMENTOS: GUIA DE LA TEORIA Y PRACTICA
250 _a1A ED.
260 _aEspaña
_bACRIBIA
_c1987
260 _aZARAGOZA
300 _a459
500 _aConsultar inv. 39736, 39737, (D-24963 solicitud baja) en BIBTEC
500 _aTítulo Traducido: DEEP FREEZING. A COMPREHENSIVE GUIDE TO ITS THEORY AND PRACTICE
650 _aALIMENTOS CONGELADOS
650 _aCONGELACION
650 _aCONGELADORES
650 _aCONSERVACION DE ALIMENTOS
650 _aENVASADO DE ALIMENTOS
650 _aFRUTAS CONGELADAS
942 _c01
010 _a52834
999 _c223230
_d223230